The Secret of Us(Deluxe)-Album (Gracie Abrams) - Statistics

General Stats
  • This quiz has been taken 253 times
    192 since last reset
  • The average score is 14 of 17
Answer Stats
Hint Answer % Correct
5. (Feat. Taylor Swift) us.
100%
4. I Love You, I'm Sorry
96%
15. (Deluxe) That's So True
94%
2. Risk
90%
14. (Deluxe) Cool
88%
3. Blowing Smoke
86%
11. Good Luck Charlie
86%
13. Close To You
85%
7. Tough Love
85%
12. Free Now
83%
1. Felt Good About You
82%
9. Gave You I Gave You I
79%
8. I Knew It, I Know You
79%
16. (Deluxe) I Told You Things
79%
17. (Deluxe) Packing It Up
79%
6. Let It Happen
77%
10. Normal Thing
69%
No matching quizzes found
Score Distribution
Percent of People with Each Score
Percentile by Number Answered
Your Score History
You have not taken this quiz since the last reset